Politique de A à Z - Statistiques

Statistiques générales
  • Ce quiz a été pris 719 fois
  • Le résultat moyen est 16 sur 26
Statistiques - réponses
Lettre Indice Réponse % Correct
D Régime politique dans lequel le pouvoir appartient au peuple Démocratie
95%
F Coalition politique de gauche formée en 1936 pour faire face à la crise économique, vaincre le chômage et faire échec au fascisme Front Populaire
85%
M Période durant laquelle un élu exerce ses fonctions Mandat
85%
B Nom du Palais accueillant l'Assemblée Nationale française Bourbon
80%
E Ville dans laquelle ont été signés les accords mettant fin à la guerre d'Algérie Évian-les-Bains
79%
K Homme d'État libyen impliqué dans une affaire politico-économique concernant un ancien président de la République française Mouammar Kadhafi
79%
G Traités internationaux dictant les règles concernant la protection des civils ou de l'aide humanitaire en période de conflit armé. Conventions de ______ Genève
76%
R Procédure par laquelle les citoyens sont appelés à se prononcer sur une question d'ordre politique Référendum
70%
C Institution garantissant le respect de la Constitution et l'équilibre des pouvoirs au sein de la République française Conseil Constitutionnel
68%
I Regroupement d'idées et de croyances à la base d'un système politique Idéologie
66%
P Techniques de persuasion mises en œuvre pour répandre une opinion, par tous les moyens disponibles Propagande
66%
V Magistrate et femme d’État française notamment à l'origine d'une des avancées sociales les plus importantes en matière de droit des femmes Simone Veil
65%
L Courant de pensée prônant la défense des droits individuels Libéralisme
64%
H Premier Etat a avoir proclamé son indépendance vis-à-vis de la France en 1804 Haïti
62%
Z Personnalité politique française condamnée en justice à plusieurs reprises, notamment pour discrimination et haine raciale, haine religieuse Eric Zemmour
60%
J Homme politique socialiste et journaliste français assassiné au début de la première guerre mondiale Jean Jaurès
57%
U Organisation juridique née du traité de Maastricht Union Européenne
57%
O Personnalités du monde des affaires, proches du régime russe Oligarques
50%
Q Lieu de résidence parisienne du ministre français des affaires étrangères Quai d'Orsay
49%
N Opposant politique au régime de Vladimir Poutine décédé en centre pénitentiaire en 2024 Alexeï Navalny
47%
S Mode d'élection dans lequel le droit de vote est accordé à tous les citoyens qui ont la capacité électorale Suffrage Universel
47%
X Président de la république populaire de Chine à partir de 2013 Xi Jinping
46%
Y Lieu de la réunion des dirigeants alliés du Royaume-Uni, de l'URSS et des USA, planifiant la réorganisation de l'Europe après la Seconde Guerre mondiale Yalta
44%
T Gouvernement oppressif et violent Tyrannie
39%
A A atteint un score de 28% au 2nd tour des élections présidentielles françaises de 2022 Abstention
32%
W Ballon d'Or 1995 et président de la République du Libéria de 2018 à 2024 George Weah
31%
Aucun quiz correspondant
Distribution des résultats
% des personnes avec chaque résultat
Percentile par nombre de réponses
Votre historique - résultats
Vous n’avez pas pris ce quiz